000 00814nam a2200265 4500
001 0000015733
003 CO-CtgCURN
005 20250506203459.0
008 160627s1993 000 0 eng d
040 _aCO-CtgCURN
_bspa
_ccoctgcurn
082 0 _a809.387
_bA77n
100 1 _aRico, Ernesto Arturo.
245 1 3 _aEl neo mundo de Amerio Mestizo /
_cErnesto Arturo Rico.
260 _aLund :
_bLa Olla,
_c1993.
300 _a175 p.
336 _2rdacontent
337 _2rdamedia
_asin mediacion
_bn
338 _2rdacarrier
_avolumen
_bnc
505 8 _aObra Literaria
650 0 _aCuentos colombianos
_ySiglo XX.
650 0 _aLiteratura colombiana
_ySiglo XX.
908 _a160627
942 _cBK
_h809.387
_iA77n
_2ddc
999 _c48172
_d48172
_x1